000 00828nam a2200253Ia 4500
003 OSt
005 20220923224912.0
006 a|||||r|||| 00| 0
007 ta
008 220922b |||||||| |||| 00| 0 hin d
024 _a253,454
037 _cTextual
040 _aARTS
_cARTS
_bhin
041 _2hin
_ahin
082 _aR6, 152K5;L9
100 _aउपाध्याय, बलदेव
245 0 _aभारतीय दर्शन की रूपरेखा
246 _aBhāratīya darshan kī rūparekhā
260 _aवाराणसी
_b चौखम्भा प्रकाशन
_c1979
300 _a425पृ.
_ccm.
650 _aभारतीय दर्शन
942 _hR6, 152K5;L9
_cTEXL
_2CC
999 _c374549
_d374549